000 00459nam a22001577a 4500
082 _aT-126
100 _aKamran Mushtaq
245 _aFeasibility of using lime as a binder in granular base course
_cKamran Mushtaq
260 _aRisalpur
_bMCE
_c2002
300 _aviii, 169 P, :
526 _a0
_b0
_c0
_dT_126
650 _aMaster of Science in Civil Engineering
650 _aThesis
_934811
700 _aDr Tajul Islam Yousafzai
_948518
942 _2ddc
_cBK
999 _c551435
_d551435